| 000 | 01222nam a2200313 i 4500 | ||
|---|---|---|---|
| 003 | DO-SdBNP | ||
| 005 | 20230529131759.0 | ||
| 007 | ta | ||
| 008 | 230529b1973 sp ||||| |||| 00| 0 spa d | ||
| 020 | _a8403560435 | ||
| 040 |
_aDO-SdBNP _bspa _cBNPHU _erda |
||
| 082 | 4 | _222 | |
| 100 | 1 |
_aShaw, Bernard _983470 |
|
| 245 | 1 | 0 |
_aComedias escogidas / _cBernard Shaw ; traducción Julio Broutá ; prólogo A.C. Ward |
| 264 |
_aMadrid : _bAguilar, _c1973. |
||
| 300 |
_a1256 páginas ; _c19 cm. |
||
| 336 |
_2rdacontent _atexto _btxt |
||
| 337 |
_2rdamedia _asin mediación _bn |
||
| 338 |
_2rdacarrier _avolumen _bnc |
||
| 490 | _aBiblioteca Premio Nobel | ||
| 500 | _aIncluye referencias bibliográficas y notal al pie de las páginas | ||
| 505 | 0 |
_aHéroes -- _tCándida-- _ttrata de blancas-- _tFascinación-- _tEl discípulo del diablo-- _tCésar y Cleopatra-- _tPigmalión-- _tLa casa de las penas-- _tLa cosa sucede-- _tLa tragedia de un caballero entrando en años-- _tHasta donde alcanza el pensamiento-- _tSanta Juana. |
|
| 586 | _aNobel 1925 | ||
| 590 | _aInventariado, 2023/BT | ||
| 700 | 1 |
_aBroutá, Julio, _etraducción _983471 |
|
| 700 | 1 |
_aWard, A.C., _eprólogo _983472 |
|
| 910 | _aBtavárez | ||
| 942 |
_2ddc _cLBS1 |
||
| 999 |
_c53641 _d53641 |
||